Statistics for All Minecraft update names

Click here to take the quiz!

General Stats

  • This quiz has been taken 21 times
  • The average score is 10 of 14

Answer Stats

HintAnswer% Correct
1.17caves and cliffs
100%
1.16nether update
100%
1.13the aquatic update
88%
1.9the combat update
88%
1.14village and pillage
88%
1.15buzzy bees
81%
1.5Redstone update
63%
1.4.2The Pretty Scary update
63%
1.11the exploration update
56%
1.6The horse update
56%
1.8The bountiful update
50%
1.12the world of color update
50%
1.10The frostburn update
44%
1.7The update that changed the world
38%

Score Distribution

Percentile by Number Answered

Percent of People with Each Score

Your Score History

You have not taken this quiz